[Event "Pancevo"]
[Site "Pancevo"]
[Date "1989.??.??"]
[Round "3"]
[White "Grigorov, Jordan N"]
[Black "Kovacevic, Predrag"]
[Result "0-1"]
[WhiteElo "2360"]
[BlackElo "2405"]

1.e4 c5 2.Nf3 Nc6 3.Bb5 g6 4.O-O Bg7 5.c3 Nf6 6.d4 cxd4 7.cxd4 Nxe4 8.d5 Nd6
9.a4 Ne5 10.Nxe5 Bxe5 11.Re1 Bf6 12.Bf4 O-O 13.Bxd6 exd6 14.Nc3 b6 15.Qd2 Bb7
16.Ne4 Be7 17.a5 a6 18.Bc4 b5 19.Ba2 f5 20.Ng3 Bg5 21.Qb4 Qf6 22.f4 Bh6 23.Rac1 Rac8
24.Rc6 Bg7 25.Rd1 dxc6 26.dxc6+ Kh8 27.cxb7 Rc5 28.Qd2 Rc7 29.Bd5 Qxb2 30.Qxb2 Bxb2
31.Ne2 Rb8 32.Kf1 Kg7 33.Rd3 Kf8 34.h4 Ke7 35.h5 Rcxb7 36.Re3+ Kd7 37.Bxb7 Rxb7
38.hxg6 hxg6 39.Ke1 b4 40.Kd1 b3 41.Nc1 Bc3  0-1

[Event "Pancevo"]
[Site "Pancevo"]
[Date "1989.??.??"]
[Round "11"]
[White "Grigorov, Jordan N"]
[Black "Andrijevic, Milan"]
[Result "0-1"]
[WhiteElo "2360"]
[BlackElo "2410"]

1.e4 c5 2.Nf3 Nc6 3.Bb5 e6 4.O-O Nge7 5.b3 a6 6.Bxc6 bxc6 7.e5 Ng6 8.Bb2 Be7
9.Na3 a5 10.Nc4 Ba6 11.d3 f6 12.Qd2 a4 13.exf6 gxf6 14.Qh6 Qc7 15.Rfe1 O-O-O
16.Bc3 Bxc4 17.bxc4 e5 18.Qd2 Rdg8 19.Ba5 Qa7 20.Rab1 d6 21.Bb6 Qa6 22.Rb2 Kd7
23.Reb1 h5 24.c3 Nf4 25.g3 h4 26.Qe3 hxg3 27.fxg3 Ke6 28.Kf1 Ng6 29.Qe2 f5
30.d4 e4 31.Nd2 Kf7 32.dxc5 d5 33.Bc7 Qc8 34.cxd5 cxd5 35.Bd6 f4 36.Nxe4 dxe4
37.Qxe4 fxg3 38.Bxe7 Nxe7 39.Qf3+ Qf5 40.Qxf5+ Nxf5 41.hxg3 Rxg3  0-1

[Event "Paris op-1"]
[Site "Paris"]
[Date "1989.??.??"]
[Round "?"]
[White "Derveloy, S."]
[Black "Perez, Yosvanny"]
[Result "1-0"]
[WhiteElo "2060"]
[BlackElo "1850"]

1.e4 c5 2.Nf3 Nc6 3.Bb5 g6 4.O-O Bg7 5.Re1 Qc7 6.Nc3 e6 7.Bxc6 dxc6 8.e5 Ne7
9.d3 O-O 10.Bg5 Nf5 11.Ne4 b6 12.Qd2 Kh8 13.Bf6 Ba6 14.g4 Nd4 15.Qh6  1-0

[Event "Paris AECE"]
[Site "Paris"]
[Date "1989.??.??"]
[Round "2"]
[White "Belkhodja, Slim"]
[Black "Spiridonov, Nikola"]
[Result "1-0"]
[WhiteElo "2365"]
[BlackElo "2390"]

1.e4 c5 2.Nf3 Nc6 3.Bb5 e6 4.O-O Nge7 5.Re1 a6 6.Bxc6 Nxc6 7.Nc3 Be7 8.d4 cxd4
9.Nxd4 d6 10.Nxc6 bxc6 11.Qg4 g6 12.Bh6 Rb8 13.e5 d5 14.Rad1 Bd7 15.Qh3 Bf8
16.Bxf8 Kxf8 17.Qh6+ Kg8 18.b3 c5 19.Rd3 Qe7 20.Rxd5 Rb4 21.Rd6 Rh4 22.Rxd7 Qxd7
23.Qxh4 Qd2 24.Rd1 Qxc3 25.Qf6  1-0

[Event "Philadelphia"]
[Site "Philadelphia"]
[Date "1989.??.??"]
[Round "4"]
[White "Dehmelt, Karl"]
[Black "Rind, Bruce"]
[Result "1/2-1/2"]
[WhiteElo "2310"]
[BlackElo "2380"]

1.e4 c5 2.Nf3 Nc6 3.Bb5 e6 4.O-O Nge7 5.c3 d5 6.exd5 Qxd5 7.Qe2 a6 8.Bc4 Qd6
9.d4 cxd4 10.cxd4 b5 11.Bb3 Bb7 12.Nc3 Na5 13.Bc2 Nd5 14.Ne4 Qb6 15.Bg5 h6
16.Be3 Be7 17.Rac1 Nc4 18.Bb1 O-O 19.Nc3 Rfd8 20.Nxd5 Bxd5 21.Ne5 Qb7 22.Qg4 Nxe5
23.dxe5 Kh8 24.Rc3 f5 25.exf6 Bxf6 26.Qg6 Kg8 27.Bc5 Bxc3 28.bxc3 Rac8 29.Qh7+ Kf7
30.Qg6+ Kg8 31.Qh7+ Kf7 32.Qg6+ Kg8 33.Qh7+  1/2-1/2

[Event "Philadelphia"]
[Site "Philadelphia"]
[Date "1989.??.??"]
[Round "4"]
[White "Leow Leslie M"]
[Black "Stone, Raymond"]
[Result "1/2-1/2"]
[WhiteElo "2445"]
[BlackElo "2345"]

1.e4 c5 2.Nf3 Nc6 3.Bb5 g6 4.O-O Bg7 5.c3 Nf6 6.Re1 O-O 7.d4 cxd4 8.cxd4 d5
9.e5 Ne4 10.Nc3 Nxc3 11.bxc3 Bd7 12.Bd3 Rc8 13.Ng5 h6 14.e6 hxg5 15.exd7 Qxd7
16.Bxg5 e5  1/2-1/2

[Event "Podolsk GMA-qual"]
[Site "Podolsk"]
[Date "1989.??.??"]
[Round "?"]
[White "Tseitlin, Mark D"]
[Black "Minasian, Artashes"]
[Result "0-1"]
[WhiteElo "2435"]
[BlackElo "2485"]

1.e4 c5 2.Nf3 Nc6 3.Bb5 g6 4.Bxc6 bxc6 5.O-O Bg7 6.Re1 d6 7.c3 Bg4 8.d4 cxd4
9.cxd4 Bxf3 10.gxf3 Nf6 11.Qa4 Qd7 12.Nc3 O-O 13.Bg5 Nh5 14.Kg2 Rab8 15.d5 Qc7
16.dxc6 e6 17.Rac1 Rxb2 18.Be3 Qe7 19.Qa3 Rbb8 20.Ne2 Bb2 21.Qxa7 Qh4 22.c7 Rbc8
23.Rc2 Be5 24.Ng3 f5 25.exf5 gxf5 26.Bc1 Kf7 27.Qa5 Bxg3 28.hxg3 Rg8 29.Qb5 Rxg3+
30.fxg3 Qxg3+ 31.Kh1 Qxe1+ 32.Kh2 Qg3+ 33.Kh1 Qh3+ 34.Kg1 Rg8+ 35.Kf2 Qg2+
36.Ke3 Qxc2 37.Qd7+ Kg6 38.Bd2 f4+ 39.Ke2 Ng3+  0-1

[Event "Bohemians (Women)"]
[Site "Prague"]
[Date "1989.??.??"]
[Round "?"]
[White "Gizynska, B."]
[Black "Kawaciukova, Zuzana"]
[Result "1-0"]
[WhiteElo "2215"]
[BlackElo "2000"]

1.e4 c5 2.Nf3 Nc6 3.Bb5 g6 4.O-O Bg7 5.Re1 e5 6.Bxc6 dxc6 7.d3 Bg4 8.h3 Bd7
9.Nbd2 Qe7 10.Nc4 f6 11.a4 Nh6 12.a5 O-O 13.Bd2 Be6 14.b3 Rfd8 15.Rb1 Nf7
16.Qc1 Rab8 17.Be3 Bf8 18.Nh2 Qc7 19.Bd2 Nd6 20.Nxd6 Bxd6 21.Nf1 Qe7 22.Ne3 b5
23.axb6 axb6 24.Nc4 Bxc4 25.dxc4 b5 26.cxb5 cxb5 27.c4 b4 28.Ra1 Ra8 29.Qc2 Qb7
30.f3 Ra6 31.Be3 Rda8 32.Rxa6 Rxa6 33.Rd1 Qc6 34.Qd3 Kf8 35.Qe2 Ra3 36.Qf2 Kf7
37.Rd3 Ra1+ 38.Kh2 f5 39.Rd5 f4 40.Bxc5 Bxc5 41.Qxc5  1-0

[Event "Bohemians (Women)"]
[Site "Prague"]
[Date "1989.??.??"]
[Round "?"]
[White "Gizynska, B."]
[Black "Nemcova, Vaclava"]
[Result "1-0"]
[WhiteElo "2215"]
[BlackElo "2045"]

1.e4 c5 2.Nf3 Nc6 3.Bb5 g6 4.O-O Bg7 5.c3 Nf6 6.Re1 O-O 7.d4 cxd4 8.cxd4 d5
9.e5 Ne8 10.Nc3 Nc7 11.Bxc6 bxc6 12.h3 Ne6 13.Na4 Ba6 14.Bd2 Rb8 15.Rc1 Qd7
16.b3 Rfc8 17.Ng5 Bb7 18.Nxe6 Qxe6 19.Nc5  1-0

[Event "Prague Meta"]
[Site "Prague"]
[Date "1989.??.??"]
[Round "4"]
[White "Houser, Pavel"]
[Black "Voboril, Pavel"]
[Result "1-0"]
[WhiteElo "2105"]
[BlackElo "2155"]

1.e4 c5 2.Nf3 Nc6 3.Bb5 Qb6 4.a4 a6 5.Bc4 d6 6.O-O Nf6 7.Re1 Bg4 8.h3 Bxf3
9.Qxf3 Ne5 10.Qe2 e6 11.Bb3 Nc6 12.Ba2 Be7 13.d3 O-O 14.c3 h6 15.Nd2 d5 16.Nf1 Qc7
17.Ng3 Rfe8 18.Nh5 Nxh5 19.Qxh5 d4 20.Qg4 dxc3 21.bxc3 Bf6 22.Bf4 Qd8 23.e5 Bg5
24.Rad1 Bxf4 25.Qxf4 Qa5 26.Rc1 b5 27.d4 Qxa4 28.Bb1 Rac8 29.Qe4 g6 30.Qe3 cxd4
31.Qxh6 Nxe5 32.Rxe5 Rxc3 33.Rxc3 Qd1+ 34.Kh2 dxc3 35.Bxg6  1-0

[Event "Prague Meta"]
[Site "Prague"]
[Date "1989.??.??"]
[Round "7"]
[White "Voboril, Pavel"]
[Black "Svarcova, Jitka"]
[Result "1-0"]
[WhiteElo "2155"]
[BlackElo "2035"]

1.e4 c5 2.Nf3 Nc6 3.Bb5 g6 4.c3 Bg7 5.O-O Nf6 6.Re1 O-O 7.h3 a6 8.Bf1 b5
9.a4 b4 10.d4 cxd4 11.cxd4 d5 12.e5 Ne8 13.Bd3 Qb6 14.Be3 Nc7 15.Nbd2 Na5
16.Rc1 Ne6 17.Nb3 Nxb3 18.Qxb3 Bb7 19.a5 Qxa5 20.Bd2 Rfe8 21.Bxb4 Qb6 22.Qc3 Rec8
23.Bc5 Qd8 24.b4 Bc6 25.g3 Qd7 26.Kh2 Bb5 27.Bb1 Qd8 28.Bd3 Rcb8 29.Ra1 a5
30.bxa5 Bxd3 31.Qxd3 Nxc5 32.dxc5 e6 33.a6 Qc7 34.Rec1 Bxe5 35.Nxe5 Qxe5
36.c6 Ra7 37.Rab1 Rxb1 38.Rxb1 Rc7 39.Rb7 Rxc6 40.Qf3 f6 41.a7 Rc8 42.Qa3 Qf5
43.Kg2 Qe4+ 44.Qf3 Qe5 45.Qf4  1-0

[Event "Primorsko op"]
[Site "Primorsko"]
[Date "1989.??.??"]
[Round "?"]
[White "Koen, Maja"]
[Black "Stepovaia Dianchenko, Tatiana"]
[Result "0-1"]
[WhiteElo "2035"]
[BlackElo "2215"]

1.e4 c5 2.Nf3 Nc6 3.Bb5 g6 4.O-O Bg7 5.c3 Nf6 6.e5 Nd5 7.Re1 Nc7 8.Bf1 O-O
9.d4 cxd4 10.cxd4 d6 11.Nbd2 dxe5 12.dxe5 Bg4 13.Qa4 Bf5 14.Qh4 Ne6 15.Nb3 Qc7
16.Bh6 Rfd8 17.Bxg7 Kxg7 18.Rac1 Qb6 19.Bc4 h6 20.g4 Ned4 21.Nfxd4 Nxd4 22.Rc3 g5
23.Qg3 Be6 24.Bxe6 Nxe6 25.Qf3 a5 26.a4 Rac8 27.Rec1 Qb4 28.Rxc8 Rxc8 29.Rd1 Rc4
30.h3 Rf4 31.Qd5 Qxa4 32.Nxa5 Nd4 33.b3 Qa2 34.Rf1 e6 35.Qd8 Nf3+ 36.Kg2 Qe2
37.Nc4 Nh4+ 38.Kg1 Rxg4+  0-1

[Event "Ragusa op"]
[Site "Ragusa"]
[Date "1989.??.??"]
[Round "?"]
[White "Micalizzi, Giovanni"]
[Black "Fabiano, Giuseppe"]
[Result "1-0"]
[WhiteElo "2070"]
[BlackElo "2130"]

1.e4 c5 2.Nf3 Nc6 3.Bb5 Qc7 4.O-O Nf6 5.Re1 e6 6.c3 Be7 7.d4 a6 8.Bd3 cxd4
9.cxd4 Nb4 10.Nc3 Nxd3 11.Qxd3 O-O 12.Bg5 d6 13.Rac1 Qd8 14.Red1 Bd7 15.e5 Nd5
16.Nxd5 exd5 17.Bxe7 Qxe7 18.Rc7 Qd8 19.Rxb7 Bb5 20.Qa3 dxe5 21.Nxe5 f6 22.Qg3  1-0

[Event "Ragusa op"]
[Site "Ragusa"]
[Date "1989.??.??"]
[Round "?"]
[White "Mrdja, Milan"]
[Black "Fabiano, Giuseppe"]
[Result "1-0"]
[WhiteElo "2440"]
[BlackElo "2130"]

1.e4 c5 2.Nf3 Nc6 3.Bb5 Nf6 4.Qe2 g6 5.O-O Bg7 6.c3 O-O 7.Re1 Ne8 8.e5 Nc7
9.a4 a6 10.Bxc6 dxc6 11.d4 cxd4 12.Nxd4 c5 13.Nb3 Qd5 14.c4 Qc6 15.Nc3 b6
16.a5 b5 17.Be3 Be6 18.cxb5 axb5 19.Nxc5 Bc4 20.Qg4 Bxe5 21.Qd7 Qf6 22.N3e4 Qg7
23.Rad1 Ne6 24.b3 Rad8 25.Qxe7 Bd5 26.Rxd5 Rxd5 27.Nd7 Rxd7 28.Qxd7 Bc3 29.Rc1 Bxa5
30.Qxb5 Bc7 31.g3 Rb8 32.Qc4 Qb2 33.Ng5 Nxg5 34.Qxc7 Nf3+ 35.Kg2 Qxb3 36.Kxf3 Qd5+
37.Ke2 Rb2+ 38.Rc2 Qb5+ 39.Ke1 Qb4+ 40.Qc3 Rb1+ 41.Ke2 Qb5+ 42.Qc4 Qh5+ 43.g4  1-0

[Event "Reggio Emilia 8990"]
[Site "Reggio Emilia"]
[Date "1989.??.??"]
[Round "?"]
[White "Manca, Federico"]
[Black "Anceschi, Vittorio"]
[Result "1-0"]
[WhiteElo "2285"]
[BlackElo "2285"]

1.e4 c5 2.Nf3 Nc6 3.Bb5 Nf6 4.e5 Nd5 5.Nc3 e6 6.O-O a6 7.Bxc6 dxc6 8.d4 Nxc3
9.bxc3 Be7 10.Qe2 Qa5 11.Bd2 Bd7 12.Rfb1 O-O-O 13.a4 Qc7 14.Bg5 f6 15.Bh4 Qa5
16.exf6 gxf6 17.Bg3 cxd4 18.cxd4 e5 19.dxe5 Bg4 20.exf6 Bxf6 21.Qc4 Qf5 22.Ra3 Rd5
23.h3 Bxf3 24.Rxf3 Qe6 25.Qb3 b5 26.axb5 axb5 27.c4  1-0

[Event "Reykjavik"]
[Site "Reykjavik"]
[Date "1989.??.??"]
[Round "?"]
[White "Tisdall, Jonathan D"]
[Black "Petursson, Margeir"]
[Result "1/2-1/2"]
[WhiteElo "2460"]
[BlackElo "2530"]

1.e4 c5 2.Nf3 Nc6 3.Bb5 d6 4.O-O Bd7 5.Re1 Nf6 6.c3 a6 7.Bf1 Bg4 8.d4 cxd4
9.cxd4 d5 10.exd5 Nxd5 11.Nc3 e6 12.h3 Bxf3 13.Qxf3 Be7 14.Nxd5 Qxd5 15.Qxd5 exd5
16.Bg5 Kd7 17.Be3 Nb4 18.Re2 Rac8 19.g3 Nc2 20.Rd1 Nxe3 21.Rxe3 Bf6 22.Bg2 Kd6
23.Rb3 b5 24.Ra3 Rc6 25.Rf3 Rhc8 26.Rdd3 Rc1+ 27.Kh2 R8c2 28.Ra3 Rxb2 29.Rxa6+ Rc6
30.Rxc6+ Kxc6 31.Rf5 Kb6 32.Bxd5 Bxd4 33.Rxf7 Kc5 34.Bb3 Bxf2 35.Kg2 Bd4+
36.Kf3 Kb4 37.Rf4  1/2-1/2

[Event "Royan op"]
[Site "Royan"]
[Date "1989.??.??"]
[Round "2"]
[White "Fernandez, An"]
[Black "Chevallier, Didier"]
[Result "1-0"]
[WhiteElo "2405"]
[BlackElo "2290"]

1.e4 c5 2.Nf3 Nc6 3.Bb5 g6 4.O-O Bg7 5.Re1 Nf6 6.c3 a6 7.Bxc6 dxc6 8.d3 Bg4
9.h3 Bxf3 10.Qxf3 O-O 11.Qe2 e5 12.Bg5 Qd6 13.Nd2 Rfd8 14.Nc4 Qe6 15.f4 Nh5
16.f5 Qe8 17.Nb6 Rab8 18.Rad1 Bf6 19.Bxf6 Nxf6 20.Qe3 Qe7 21.Rf1 Ne8 22.a4 a5
23.Nc4 b6 24.Qg3 f6 25.fxg6 h6 26.Ne3 Qf8 27.Nf5 Kh8 28.Qh4 Nd6  1-0

[Event "Royan op"]
[Site "Royan"]
[Date "1989.??.??"]
[Round "2"]
[White "Jansa, Vlastimil"]
[Black "Doncevic, Dario"]
[Result "1-0"]
[WhiteElo "2505"]
[BlackElo "2335"]

1.e4 c5 2.Nf3 Nc6 3.Bb5 Qb6 4.Nc3 e6 5.O-O a6 6.Bxc6 Qxc6 7.d4 cxd4 8.Qxd4 Ne7
9.Ne5 Qc7 10.Nc4 Nc6 11.Qb6 Qxb6 12.Nxb6 Rb8 13.Be3 d6 14.Rfd1 Ne5 15.h3 f6
16.f4 Nf7 17.Nca4 Be7 18.Rd3 Bd8 19.c4 O-O 20.c5 Bxb6 21.Nxb6 d5 22.exd5 exd5
23.Nxc8 Rbxc8 24.Rxd5 Rfd8 25.Rad1 Rxd5 26.Rxd5 Rd8 27.Rxd8+ Nxd8 28.f5 Kf7
29.Kf2 Ke7 30.Kf3 Kd7 31.Ke4 Kc6 32.Kd4 Nf7 33.Bf4 g5 34.Be3  1-0

[Event "Royan op"]
[Site "Royan"]
[Date "1989.??.??"]
[Round "2"]
[White "Antunes, Antonio"]
[Black "Degraeve, Jean Marc"]
[Result "1-0"]
[WhiteElo "2450"]
[BlackElo "2365"]

1.e4 c5 2.Nf3 Nc6 3.Bb5 Qb6 4.a4 a6 5.Bxc6 Qxc6 6.Nc3 e6 7.O-O Nf6 8.Re1 b6
9.d4 cxd4 10.Nxd4 Qc7 11.e5 Ng8 12.Bf4 Bb7 13.Ne4 Bxe4 14.Rxe4 Ne7 15.Qd3 Nc6
16.Rd1 Nb4 17.Qe2 Qb7 18.Nf3 Rc8 19.c3 Nc6 20.h3 Be7 21.Bg5 Bf8 22.Bh4 Ne7
23.Nd2 Nf5 24.Rf4 b5 25.Ne4 Nxh4 26.Rxh4 Rc4 27.axb5 axb5 28.b3 Rc7 29.Ra1 Be7
30.Nd6+ Bxd6 31.exd6 Rc8 32.Qh5 h6 33.Qg5 O-O 34.Rxh6 Rxc3 35.Rh4 Qd5 36.Qxd5 exd5
37.Rd1 Rxb3 38.Rxd5 Rb8 39.Rdh5  1-0

[Event "Royan op"]
[Site "Royan"]
[Date "1989.??.??"]
[Round "4"]
[White "Chaplin, Erik"]
[Black "Apicella, Manuel"]
[Result "0-1"]
[WhiteElo "2040"]
[BlackElo "2395"]

1.e4 c5 2.Nf3 Nc6 3.Bb5 g6 4.O-O Bg7 5.c3 e5 6.b4 cxb4 7.d4 bxc3 8.Nxc3 Nge7
9.d5 Nd4 10.d6 Nec6 11.Bc4 O-O 12.Nxd4 Nxd4 13.Rb1 Qf6 14.Qd3 Qxd6 15.Nd5 b5
16.Ba3 bxc4 17.Bxd6 cxd3 18.Bxf8 Bxf8 19.Nc7 Ne2+ 20.Kh1 Bb7 21.Rxb7 Rc8
22.Rd1 Bd6 23.Nb5 d2 24.Nxd6 Rc1 25.Rb1 Rxb1 26.Rxb1  0-1

[Event "Royan op"]
[Site "Royan"]
[Date "1989.??.??"]
[Round "4"]
[White "Antunes, Antonio"]
[Black "Klundt, Klaus"]
[Result "0-1"]
[WhiteElo "2450"]
[BlackElo "2390"]

1.e4 c5 2.Nf3 Nc6 3.Bb5 g6 4.O-O Bg7 5.Re1 e5 6.c3 Nge7 7.d3 O-O 8.Be3 d6
9.Bc4 h6 10.Na3 b6 11.d4 exd4 12.cxd4 Bg4 13.d5 Nd4 14.Nc2 Nxf3+ 15.gxf3 Bh5
16.Bd2 g5 17.Be2 Ng6 18.f4 Bxe2 19.Qxe2 gxf4 20.Kh1 Qh4 21.Rg1 Rae8 22.f3 Qh5
23.Rg2 Kh7 24.Rag1 Bxb2 25.Rg4 Be5 26.Ne1 Rg8 27.Nd3 Bd4 28.R1g2 f5 29.Nxf4 Nxf4
30.Rxf4 Rxg2 31.Qxg2 Rg8 32.Qf1 Qh3  0-1

[Event "Royan op"]
[Site "Royan"]
[Date "1989.??.??"]
[Round "4"]
[White "Jansa, Vlastimil"]
[Black "Vaisman, Volodia"]
[Result "1-0"]
[WhiteElo "2505"]
[BlackElo "2370"]

1.e4 c5 2.Nf3 Nc6 3.Bb5 d6 4.O-O Bd7 5.Re1 Nf6 6.c3 Ne5 7.Bxd7+ Qxd7 8.d4 Nxf3+
9.Qxf3 cxd4 10.cxd4 d5 11.Nc3 dxe4 12.Nxe4 Nxe4 13.Qxe4 Rd8 14.Bf4 e6 15.Rac1 Bb4
16.Rc7 Qxd4 17.Qxd4 Rxd4 18.Rec1 Ba5 19.Rxb7 Rxf4 20.Rc8+ Bd8 21.Rxd8+ Kxd8
22.Rb8+ Kc7 23.Rxh8 h6 24.g3 Rf5 25.Kg2 h5 26.Ra8 a5 27.h3 Kb7 28.Re8 g6
29.b3 Kc6 30.Rc8+ Kd6 31.Rc4 Rd5 32.Kf3 g5 33.Ke3 Re5+ 34.Kd3 f5 35.Rc8 h4
36.gxh4 gxh4 37.Rd8+ Kc5 38.Rd4 Re1 39.Rxh4 Rh1 40.Ke3 e5 41.Rh5 f4+ 42.Kf3 Kd5
43.Rh8 Rh2 44.Rd8+ Ke6 45.Ra8 Kf5 46.Rxa5 Rxh3+ 47.Ke2 Rc3 48.Rd5 Rh3 49.b4 Ra3
50.Ra5 Rc3 51.Rc5 Ra3 52.Rc2 Ra4 53.Rb2 Ke6 54.b5 Kd7 55.Kf3 Kc7 56.Kg4 Re4
57.Kf5 Re1 58.a4 Ra1 59.Rb4 Ra2 60.f3 Ra3 61.Kg4 Ra1 62.Kf5 Ra3 63.Kxe5 Rxf3
64.Rxf4 Ra3 65.Kd5 Kb6 66.Rf6+ Kb7 67.Kc5 Rxa4 68.Rf7+ Kc8 69.Kb6  1-0

[Event "San Bernardino op"]
[Site "San Bernardino"]
[Date "1989.??.??"]
[Round "5"]
[White "Etmans, Maarten D"]
[Black "Hort, Vlastimil"]
[Result "0-1"]
[WhiteElo "2275"]
[BlackElo "2580"]

1.e4 c5 2.Nf3 Nc6 3.Bb5 e6 4.Bxc6 bxc6 5.O-O Ne7 6.b3 Ng6 7.Bb2 f6 8.d3 d6
9.Nc3 Be7 10.Nd2 O-O 11.f4 f5 12.Ne2 Qc7 13.g3 Bd7 14.Nf3 e5 15.fxe5 dxe5
16.Qd2 fxe4 17.dxe4 Bh3 18.Rf2 c4 19.b4 Qb6 20.Qc3 Bxb4 21.Qxc4+ Kh8  0-1

[Event "Sevilla op"]
[Site "Sevilla"]
[Date "1989.??.??"]
[Round "?"]
[White "Ivkov, Borislav"]
[Black "Montecatine, Ricardo"]
[Result "1-0"]
[WhiteElo "2460"]
[BlackElo "2305"]

1.Nf3 c5 2.e4 Nc6 3.Bb5 Qb6 4.Nc3 e6 5.O-O Nge7 6.Re1 Nd4 7.Bf1 Ng6 8.d3 Be7
9.Nd2 O-O 10.a4 Qc7 11.Nc4 b6 12.Be3 a6 13.a5 b5 14.Nb6 Rb8 15.Ne2 Nxe2+
16.Qxe2 Bb7 17.d4 Bxe4 18.dxc5 d6 19.b4 dxc5 20.Bxc5 Bxc5 21.bxc5 Bd5 22.Qe3 Rfd8
23.Rab1 Nf8 24.Rbc1 Nd7 25.c4 bxc4 26.Bxc4 Bxc4 27.Rxc4 Nxb6 28.axb6 Rxb6
29.cxb6 Qxc4 30.Rb1 Rb8 31.b7 Qc7 32.Qa7 a5 33.h4 g6 34.h5 Kg7 35.Qd4+ e5
36.Qe3 gxh5 37.Qg5+ Kf8 38.Rc1 Qxb7 39.Qxe5 Kg8 40.Rc3 h4 41.Rc4 Qb1+ 42.Kh2 Ra8
43.Rg4+ Qg6 44.Qe4 Ra6 45.Rxg6+ hxg6 46.Qxh4  1-0

[Event "Slupsk"]
[Site "Slupsk"]
[Date "1989.??.??"]
[Round "10"]
[White "Grabarczyk, Bogdan"]
[Black "Duda, Andrzej"]
[Result "1-0"]
[WhiteElo "2345"]
[BlackElo "2295"]

1.e4 c5 2.Nf3 Nc6 3.Bb5 g6 4.O-O Bg7 5.c3 e5 6.d4 cxd4 7.cxd4 exd4 8.Bf4 Nge7
9.Bd6 O-O 10.Nbd2 Re8 11.Ng5 Rf8 12.f4 Kh8 13.Bc4 Qe8 14.Qb3 Nd8 15.Qh3 h6
16.f5 f6 17.fxg6 fxg5 18.Rxf8+ Bxf8 19.Be5+  1-0

[Event "BUL-ch"]
[Site "Sofia"]
[Date "1989.??.??"]
[Round "1"]
[White "Georgiev, Krum"]
[Black "Grigorov, Jordan N"]
[Result "1/2-1/2"]
[WhiteElo "2485"]
[BlackElo "2360"]

1.e4 c5 2.Nf3 Nc6 3.Bb5 e6 4.O-O Nge7 5.b3 Nd4 6.Nxd4 cxd4 7.Bb2 a6 8.Bd3 Nc6
9.c3 Bc5 10.cxd4 Bxd4 11.Bxd4 Nxd4 12.Nc3 O-O 13.f4 d6 14.Qh5 g6 15.Qh6 f5
16.Rae1 b5  1/2-1/2

[Event "JUG-ch (Women)"]
[Site "Split"]
[Date "1989.??.??"]
[Round "4"]
[White "Kovacevic, Radmila"]
[Black "Maksimovic, Suzana"]
[Result "0-1"]
[WhiteElo "2095"]
[BlackElo "2235"]

1.e4 c5 2.Nf3 Nc6 3.Bb5 e6 4.O-O Nge7 5.c3 a6 6.Be2 d5 7.exd5 exd5 8.d4 Ng6
9.Re1 Be7 10.dxc5 O-O 11.Be3 Nce5 12.Nxe5 Nxe5 13.Nd2 Be6 14.Bd4 Qc7 15.b4 a5
16.a3 axb4 17.axb4 Nc6 18.Nf3 Bf5 19.Qd2 Be4 20.Be3 Bf6 21.Bf4 Qd7 22.Nd4 h6
23.f3 Bg6 24.Bb5 Rfe8 25.Rxe8+ Rxe8 26.Ra7 Qc8 27.Nxc6 bxc6 28.Rc7 Qa8 29.Bf1 Qa1
30.Qc1 Qxc1 31.Bxc1 Re1 32.Bd2 Rd1 33.Be3 Bd3  0-1

[Event "JUG-ch (Women)"]
[Site "Split"]
[Date "1989.??.??"]
[Round "11"]
[White "Vuksanovic, Sanja"]
[Black "Maksimovic, Suzana"]
[Result "1/2-1/2"]
[WhiteElo "2040"]
[BlackElo "2235"]

1.e4 c5 2.Nf3 Nc6 3.Bb5 g6 4.O-O Bg7 5.Re1 Nf6 6.h3 O-O 7.d3 d5 8.Bxc6 bxc6
9.Nc3 Rb8 10.Rb1 Qc7 11.Bg5 Be6 12.Qc1 Rb7 13.e5 Ne8 14.Na4 Rb5 15.b3 c4
16.Nd4 Bxe5 17.Nxb5 cxb5 18.Nc5 Bh2+ 19.Kh1 Qxc5 20.Kxh2 Nf6 21.Bxf6 exf6
22.Qf4 Kg7 23.bxc4 dxc4 24.d4 Qd5 25.c3 Bf5 26.Rb2 a5 27.Re7 b4 28.Re3 bxc3
29.Rxc3 Bd3 30.Rb6 Qd8 31.Qd6 a4 32.d5 f5 33.Qxd8 Rxd8 34.d6 Kf6 35.Kg3 Ke6
36.Kf4 Rxd6 37.Rxd6+ Kxd6 38.Ke3 Kc5 39.Kd2 Kb4 40.a3+ Kc5 41.Rc1 Kd4 42.f3 h5
43.h4 f4 44.Re1 c3+ 45.Kc1 Bf5 46.Re7 Be6 47.Ra7 Bb3 48.Re7  1/2-1/2

[Event "St Ingbert op"]
[Site "St Ingbert"]
[Date "1989.??.??"]
[Round "4"]
[White "Kovacevic, Dragan"]
[Black "Trapl, Jindrich"]
[Result "1-0"]
[WhiteElo "2285"]
[BlackElo "2395"]

1.e4 c5 2.Nf3 Nc6 3.Bb5 g6 4.O-O Bg7 5.Re1 Nf6 6.Nc3 O-O 7.d4 cxd4 8.Nxd4 Nxd4
9.Qxd4 d6 10.Qb4 Be6 11.Bd3 b6 12.Bf4 Nd7 13.Rad1 Rc8 14.Nd5 a5 15.Qa3 Nc5
16.Bb5 Bd7 17.Bxd7 Nxd7 18.Qb3 Re8 19.c4 Nc5 20.Qa3 Ne6 21.Be3 Rxc4 22.Bxb6 Qd7
23.b3 Rc2 24.Qxa5 Be5 25.Be3 Qb7 26.f4 Bg7 27.Rd2 Rxd2 28.Qxd2 Nc5 29.Bxc5 dxc5
30.e5 Ra8 31.Kh1 f6 32.exf6 exf6 33.h3 Rd8 34.Rd1 Kf8 35.Qd3 f5 36.Qc4 Bd4
37.Nc3 Re8 38.Nb5 Qe7 39.Nxd4 cxd4 40.Qxd4  1-0

[Event "St Ingbert op"]
[Site "St Ingbert"]
[Date "1989.??.??"]
[Round "8"]
[White "Martinovic, Slobodan"]
[Black "Indjic, Dusan"]
[Result "1-0"]
[WhiteElo "2460"]
[BlackElo "2360"]

1.e4 c5 2.Nf3 Nc6 3.Bb5 g6 4.c3 Bg7 5.d4 cxd4 6.cxd4 Qb6 7.Bxc6 bxc6 8.O-O Nf6
9.Nc3 O-O 10.Re1 d6 11.h3 Bd7 12.b3 Rfe8 13.Be3 Qa5 14.Qd2 Qh5 15.Nh2 h6
16.f3 g5 17.Rac1 Qg6 18.g4 Nh7 19.Nf1 e6 20.e5 dxe5 21.dxe5 Red8 22.Bc5 Be8
23.Qe2 Nf8 24.Ng3 Qd3 25.Bd6 Qxe2 26.Rxe2 Nd7 27.Nh5 Nb6 28.f4 gxf4 29.Nxf4 Nd5
30.Ncxd5 cxd5 31.Rec2 Bf8 32.Bxf8 Kxf8 33.Nh5 d4 34.Nf6 d3 35.Rd2 Bb5 36.a4 Ba6
37.b4 Rd4 38.b5 Bb7 39.Rc7 Bf3 40.Rd7 Rxa4 41.R2xd3 Bd5 42.Nxd5 exd5 43.Rf3 Re4
44.Rfxf7+ Kg8 45.Rg7+ Kh8 46.Rge7 Rc8 47.e6  1-0

[Event "Stavanger op"]
[Site "Stavanger"]
[Date "1989.??.??"]
[Round "9"]
[White "King, Daniel J"]
[Black "Gausel, Einar"]
[Result "1-0"]
[WhiteElo "2500"]
[BlackElo "2365"]

1.e4 c5 2.Nf3 Nc6 3.Bb5 e6 4.O-O Nge7 5.Nc3 Nd4 6.Nxd4 cxd4 7.Ne2 Nc6 8.d3 Bc5
9.c4 O-O 10.a3 a5 11.Rb1 d6 12.Bd2 f5 13.exf5 Rxf5 14.Ng3 Rf8 15.Ne4 Bb6
16.Bg5 Qd7 17.Qg4 Kh8 18.Rbc1 Bc7 19.Bf4 Qe7 20.Bg3 h6 21.c5 d5 22.Nd6 e5
23.Qe2 Bxd6 24.cxd6 Qxd6 25.Bxc6 bxc6 26.Bxe5 Qg6 27.f4 Bg4 28.Qf2 Rf7 29.Qxd4 Rc8
30.Rfe1 h5 31.Re3 h4 32.h3 Bf5 33.Kh2 Rg8 34.Rc5 a4 35.Qxa4 d4 36.Rf3 Rc8
37.Qxd4 Rd7 38.Qf2 Rxd3 39.Qxh4+ Kg8 40.Rxd3 Bxd3 41.Bxg7  1-0

[Event "Taraus op"]
[Site "Tampere"]
[Date "1989.??.??"]
[Round "2"]
[White "Maki, Veijo"]
[Black "Paldanius, Pekka"]
[Result "1-0"]
[WhiteElo "2420"]
[BlackElo "2280"]

1.e4 c5 2.Nf3 Nc6 3.Bb5 g6 4.O-O Bg7 5.c3 Nf6 6.Re1 O-O 7.h3 a6 8.Bf1 d6
9.d4 Bd7 10.dxc5 dxc5 11.e5 Ne8 12.Qd5 Rc8 13.Be3 Be6 14.Qxd8 Nxd8 15.Nbd2 Bd5
16.Nc4 Bxc4 17.Bxc4 b5 18.Bd5 Nc7 19.Be4 Nce6 20.a4 Nc6 21.axb5 axb5 22.Bxc6 Rxc6
23.Ra7 Nc7 24.Rd1 Rc8 25.Rd7 e6 26.Ng5 Bxe5 27.Nxf7 Bf6 28.Nd6 Ra8 29.Rxa8+ Nxa8
30.Ne4 e5 31.Bxc5 Nb6 32.Rb7 Bd8 33.b4 h6 34.Nd6 Bc7 35.Nxb5  1-0

[Event "Tarrassa"]
[Site "Tarrassa"]
[Date "1989.??.??"]
[Round "?"]
[White "Pablo Marin, Alejandro"]
[Black "Cramling, Pia"]
[Result "0-1"]
[WhiteElo "2390"]
[BlackElo "2480"]

1.e4 c5 2.Nf3 Nc6 3.Bb5 g6 4.O-O Bg7 5.Re1 e5 6.c3 Nge7 7.d4 cxd4 8.cxd4 exd4
9.Bg5 O-O 10.e5 h6 11.Bf4 Nd5 12.Bg3 Nc7 13.Ba4 b5 14.Bb3 Ne6 15.Nbd2 Ne7
16.Bc2 Qb6 17.Nb3 Nc6 18.Qd2 Bb7 19.Rad1 Rac8 20.h4 h5 21.Be4 Rfe8 22.a3 Ba8
23.Bb1 a5 24.Nc1 b4 25.Nd3 bxa3 26.bxa3 Qb3 27.Qa2 Rb8 28.Nd2 Qxa2 29.Bxa2 Ne7
30.Ne4 Nf5 31.Nd6 Nxd6 32.exd6 Rb6 33.Ne5 Bc6 34.Bc4 Ba4 35.Bxe6 Rxe6 36.Rxd4 Bb3
37.Re3 a4 38.Kh2 Rb5 39.f4 f6 40.Rxb3 axb3 41.Nxd7 b2 42.Nc5  0-1

[Event "Tel Aviv-B"]
[Site "Tel Aviv"]
[Date "1989.??.??"]
[Round "?"]
[White "Kosashvili, Yona"]
[Black "Davidovic, Aleksandar"]
[Result "1-0"]
[WhiteElo "2410"]
[BlackElo "2425"]

1.e4 c5 2.Nf3 Nc6 3.Bb5 Qb6 4.Nc3 e6 5.a4 Nge7 6.d3 Nd4 7.a5 Qc7 8.Nd2 Nxb5
9.Nxb5 Qc6 10.c4 a6 11.Nc3 Qc7 12.O-O Nc6 13.Nb3 Be7 14.Qg4 O-O 15.Bh6 Bf6
16.Bf4 d6 17.Qg3 Ne5 18.h4 Kh8 19.Bg5 Qd8 20.f4 Nc6 21.Bxf6 Qxf6 22.Rae1 Qd8
23.e5 Nd4 24.Nxd4 cxd4 25.Ne4 d5 26.cxd5 Qxd5 27.b4 Bd7 28.Nd6 f6 29.h5 Bc6
30.h6 gxh6 31.Rf2 Rad8 32.Qh4 Rd7 33.Ne4 Rg7 34.exf6 Rg6 35.Qh3 Qb3 36.f5 exf5
37.Qxf5 Qxd3 38.Qe5 Bxe4 39.f7+ Rg7 40.Qe7 Rfxf7  1-0

[Event "FRG-chJ int"]
[Site "Trier"]
[Date "1989.??.??"]
[Round "4"]
[White "Bus, Mariusz"]
[Black "Tozer, Richard"]
[Result "1/2-1/2"]
[WhiteElo "2355"]
[BlackElo "2305"]

1.e4 c5 2.Nf3 Nc6 3.Bb5 g6 4.O-O Bg7 5.c3 e5 6.d4 exd4 7.cxd4 cxd4 8.Bf4 a6
9.Bc4 d6 10.Qb3 Qe7 11.Nbd2 Nf6 12.e5 dxe5 13.Nxe5 Nxe5 14.Bxe5 O-O 15.Rae1 Qd8
16.a4 Bd7 17.Nf3 Bc6 18.Nxd4 Bd5 19.Bxd5  1/2-1/2